全国地州市-字典序挑战 - Statistics

General Stats
  • This quiz has been taken 18 times
  • The average score is 145 of 371
Answers on the Map
Answers color-coded by a green-red scale on the quiz's map according to % correct below.
 
Answer Stats
地州市 首字母 % Correct
阿克苏
100%
阿坝 A
92%
阿勒泰
92%
阿拉尔
85%
阿里
85%
安庆
85%
安阳
85%
安顺
77%
鞍山
77%
阿拉善
69%
巴中
69%
北京
69%
佛山
69%
澳门
62%
保定
62%
北海
62%
蚌埠
62%
沧州 C
62%
长沙
62%
长治
62%
常德
62%
常州
62%
潮州
62%
成都
62%
重庆
62%
大连
62%
鄂尔多斯 E
62%
鄂州
62%
福州
62%
抚州
62%
赣州
62%
哈尔滨 H
62%
海口
62%
黄山
62%
拉萨 L
62%
日照
62%
安康
54%
巴彦淖尔 B
54%
巴音郭楞
54%
白城
54%
白沙
54%
白山
54%
保山
54%
昌吉
54%
长春
54%
朝阳
54%
承德
54%
池州
54%
滁州
54%
大理
54%
大庆
54%
大同
54%
定西
54%
恩施
54%
抚顺
54%
阜新
54%
阜阳
54%
甘南 G
54%
甘孜
54%
广州
54%
海北
54%
海东
54%
海南
54%
海西
54%
邯郸
54%
杭州
54%
呼和浩特
54%
呼伦贝尔
54%
淮安
54%
淮北
54%
淮南
54%
黄冈
54%
黄石
54%
嘉兴
54%
喀什 K
54%
开封
54%
马鞍山 M
54%
梅州
54%
南京
54%
日喀则 R
54%
白银
46%
百色
46%
包头
46%
昌都
46%
赤峰
46%
楚雄
46%
达州 D
46%
德州
46%
东方
46%
东莞
46%
贵阳
46%
桂林
46%
汉中
46%
合肥
46%
衡阳
46%
湖州
46%
鸡西 J
46%
吉安
46%
金昌
46%
晋城
46%
晋中
46%
九江
46%
兰州
46%
廊坊
46%
那曲 N
46%
南昌
46%
南宁
46%
南通
46%
南阳
46%
宁波
46%
衢州
46%
泉州
46%
商洛
46%
商丘
46%
上海
46%
邵阳
46%
绍兴
46%
苏州
46%
宿迁
46%
宿州
46%
台州
46%
泰安
46%
泰州
46%
唐山
46%
天津
46%
铜陵
46%
乌海
46%
乌鲁木齐
46%
无锡
46%
芜湖
46%
武汉
46%
西安 X
46%
西宁
46%
延安
46%
盐城
46%
榆林
46%
玉林
46%
镇江
46%
宝鸡
38%
北屯
38%
本溪
38%
毕节
38%
滨州
38%
亳州
38%
郴州
38%
澄迈
38%
大兴安岭
38%
丹东
38%
德宏
38%
德阳
38%
哈密
38%
和田
38%
河池
38%
菏泽
38%
贺州
38%
鹤壁
38%
鹤岗
38%
黑河
38%
黄南
38%
惠州
38%
吉林
38%
济南
38%
济宁
38%
济源
38%
金华
38%
锦州
38%
景德镇
38%
克拉玛依
38%
克孜勒苏
38%
昆明
38%
丽江
38%
南平
38%
宁德
38%
平顶山
38%
萍乡
38%
濮阳
38%
黔东南
38%
黔南
38%
黔西南
38%
秦皇岛
38%
三亚
38%
山南
38%
上饶
38%
深圳
38%
随州
38%
塔城 T
38%
太原
38%
通辽
38%
铜川
38%
温州
38%
五指山
38%
新乡
38%
徐州
38%
雅安 Y
38%
延边
38%
扬州
38%
宜昌
38%
宜春
38%
运城
38%
张家界
38%
张家口
38%
张掖
38%
漳州
38%
自贡
38%
白杨
31%
保亭
31%
博尔塔拉
31%
昌江
31%
儋州
31%
迪庆
31%
定安
31%
东营
31%
广安
31%
广元
31%
贵港
31%
果洛
31%
河源
31%
衡水
31%
红河
31%
葫芦岛
31%
怀化
31%
佳木斯
31%
嘉峪关
31%
江门
31%
焦作
31%
揭阳
31%
荆门
31%
荆州
31%
昆玉
31%
乐山
31%
丽水
31%
连云港
31%
柳州
31%
龙岩
31%
六安
31%
吕梁
31%
洛阳
31%
漯河
31%
牡丹江
31%
南充
31%
怒江
31%
攀枝花 P
31%
盘锦
31%
莆田
31%
普洱
31%
齐齐哈尔
31%
潜江
31%
清远
31%
庆阳
31%
三门峡 S
31%
三明
31%
汕头
31%
汕尾
31%
韶关
31%
沈阳
31%
十堰
31%
朔州
31%
绥化
31%
遂宁
31%
天门
31%
铁岭
31%
铁门关
31%
通化
31%
铜仁
31%
吐鲁番
31%
万宁 W
31%
威海
31%
潍坊
31%
文山
31%
乌兰察布
31%
武威
31%
西双版纳
31%
锡林郭勒
31%
厦门
31%
仙桃
31%
咸阳
31%
襄阳
31%
孝感
31%
忻州
31%
信阳
31%
许昌
31%
宣城
31%
阳江
31%
阳泉
31%
伊春
31%
伊犁
31%
宜宾
31%
鹰潭
31%
玉溪
31%
岳阳
31%
湛江
31%
昭通
31%
肇庆
31%
郑州
31%
珠海
31%
株洲
31%
驻马店
31%
淄博
31%
遵义
31%
崇左
23%
固原
23%
胡杨河
23%
酒泉
23%
可克达拉
23%
来宾
23%
乐东
23%
凉山
23%
辽阳
23%
辽源
23%
聊城
23%
临沧
23%
临汾
23%
临夏
23%
临沂
23%
陵水
23%
六盘水
23%
陇南
23%
娄底
23%
泸州
23%
茂名
23%
眉山
23%
绵阳
23%
内江
23%
平凉
23%
七台河 Q
23%
钦州
23%
青岛
23%
琼海
23%
曲靖
23%
三沙
23%
石河子
23%
石家庄
23%
双河
23%
双鸭山
23%
四平
23%
松原
23%
屯昌
23%
文昌
23%
吴忠
23%
梧州
23%
五家渠
23%
咸宁
23%
湘潭
23%
湘西
23%
新星
23%
新余
23%
兴安
23%
邢台
23%
益阳
23%
银川
23%
营口
23%
永州
23%
玉树
23%
云浮
23%
枣庄 Z
23%
中山
23%
周口
23%
资阳
23%
防城港 F
15%
林芝
15%
临高
15%
琼中
15%
神农架
15%
石嘴山
15%
天水
15%
图木舒克
15%
渭南
15%
香港
15%
烟台
15%
中卫
15%
舟山
15%
No matching quizzes found
Score Distribution
Percent of People with Each Score
Percentile by Number Answered
Your Score History
You have not taken this quiz